EVENTS MANAGEMENT: An Introduction (Record no. 4358)

MARC details
005 - DATE AND TIME OF LATEST TRANSACTION
control field 20250619074525.0
020 ## - INTERNATIONAL STANDARD BOOK NUMBER
International Standard Book Number 978-0-367-61004-3
082 ## - DEWEY DECIMAL CLASSIFICATION NUMBER
Classification number 394.260 BLA
100 ## - MAIN ENTRY--PERSONAL NAME
Author name BLADEN, C.
245 ## - TITLE STATEMENT
Title EVENTS MANAGEMENT: An Introduction
250 ## - EDITION STATEMENT
Edition statement 3rd Ed.
260 ## - PUBLICATION, DISTRIBUTION, ETC.
Place of publication, distribution, etc. London
Name of publisher, distributor, etc. Routledge
Date of publication, distribution, etc. 2023.
300 ## - PHYSICAL DESCRIPTION
Extent xxi,465p.:ill.;figures, pictures
Other physical details Index
Dimensions 24cm
700 ## - ADDED ENTRY--PERSONAL NAME
Other authors/Editors James Kennell
700 ## - ADDED ENTRY--PERSONAL NAME
Other authors/Editors Emma Abson
700 ## - ADDED ENTRY--PERSONAL NAME
Other authors/Editors Nick Wilde
942 ## - ADDED ENTRY ELEMENTS (KOHA)
Source of classification or shelving scheme Dewey Decimal Classification
Koha item type Books
Holdings
Date last seen Total checkouts Full call number Barcode Cost, replacement price Price effective from Koha item type Lost status Source of classification or shelving scheme Damaged status Not for loan Withdrawn status Home library Current library Shelving location Date acquired Source of acquisition Cost, normal purchase price
06/19/2025   394.26 BLA MZA0001386 553203.00 06/19/2025 Books   Dewey Decimal Classification       CBE Mwanza CBE Mwanza Special Reserve Collection 07/15/2024 Library Budget 184401.00
06/19/2025   394.26 BLA MZA0001387 553203.00 06/19/2025 Books   Dewey Decimal Classification       CBE Mwanza CBE Mwanza Special Reserve Collection 07/15/2024 Library Budget 184401.00
06/19/2025   394.26 BLA MZA0001388 553203.00 06/19/2025 Books   Dewey Decimal Classification       CBE Mwanza CBE Mwanza Special Reserve Collection 07/15/2024 Library Budget 184401.00